000
00303 a2200133 4500
000
nam a22 7a 4500
100
_a
Chavan, Umesh
110
_a
Chavan, Umesh
245
_a
Law and Social Work
250
_a
Latest edition
260
_b
Oxford
_c
2024
264
_b
Oxford
_c
2024
942
_c
BK
999
_c
396193
_d
396193